| 000 | 00763nam a2200253 a 4500 | ||
|---|---|---|---|
| 001 | 1638379 | ||
| 005 | 20180307075542.0 | ||
| 008 | 961118s1997 caua 001 0 eng d | ||
| 010 | _a 96079594 | ||
| 020 |
_a0764530402 (pbk.) : _c$29.99 |
||
| 035 | _a(OCoLC)36358591 | ||
| 040 |
_aViManCo _cViManCo _dDLC |
||
| 041 | _aeng | ||
| 042 | _alccopycat | ||
| 080 | _a005.72 dav | ||
| 082 | 0 | 0 |
_a005.72 dav _221 |
| 100 | 1 | _a36 | |
| 101 | _ashk | ||
| 245 | 1 | 0 |
_aCreating cool HTML 3.2 Web pages / _cby Dave Taylor. |
| 906 |
_a7 _bcbc _ccopycat _d2 _eopcn _f19 _gy-gencatlg |
||
| 942 |
_2ddc _cBK |
||
| 999 |
_c44316 _d44316 |
||